High Resolution Microbial Single Cell Analytics
Record details
- ISBN: 9783642168871
-
Physical Description:
electronic
electronic resource
access
remote
XIV, 233p. digital. - Publisher: Berlin, Heidelberg : Springer Berlin Heidelberg, 2011.
Search for related items by subject
| Subject: | Chemistry Spectroscopy Biotechnology Cytology Microscopy Chemistry Biotechnology Biological Microscopy Spectroscopy/Spectrometry Cell Biology |
Search for related items by series
Electronic resources
| LDR | 01422nam a22004095i 4500 | ||
|---|---|---|---|
| 001 | 4895 | ||
| 003 | CONS | ||
| 005 | 20121026141725.0 | ||
| 007 | cr nn 008mamaa | ||
| 008 | 110429s2011 gw | s |||| 0|eng d | ||
| 020 | . | ‡a9783642168871 ‡9978-3-642-16887-1 | |
| 024 | 7 | . | ‡a10.1007/978-3-642-16887-1 ‡2doi |
| 035 | . | ‡a(DE-He213)978-3-642-16887-1 | |
| 050 | 4. | ‡aTP248.13-248.65 | |
| 072 | 7. | ‡aTCB ‡2bicssc | |
| 072 | 7. | ‡aSCI010000 ‡2bisacsh | |
| 100 | 1 | . | ‡aMüller, Susann. |
| 245 | 1 | 0. | ‡aHigh Resolution Microbial Single Cell Analytics ‡h[electronic resource] / ‡cedited by Susann Müller, Thomas Bley. |
| 260 | . | ‡aBerlin, Heidelberg : ‡bSpringer Berlin Heidelberg, ‡c2011. | |
| 300 | . | ‡aXIV, 233p. ‡bdigital. | |
| 490 | 0 | . | ‡aAdvances in Biochemical Engineering / Biotechnology, ‡x0724-6145 ; ‡v124 |
| 650 | 0. | ‡aChemistry. | |
| 650 | 0. | ‡aSpectroscopy. | |
| 650 | 0. | ‡aBiotechnology. | |
| 650 | 0. | ‡aCytology. | |
| 650 | 0. | ‡aMicroscopy. | |
| 650 | 1 | 4. | ‡aChemistry. |
| 650 | 2 | 4. | ‡aBiotechnology. |
| 650 | 2 | 4. | ‡aBiological Microscopy. |
| 650 | 2 | 4. | ‡aSpectroscopy/Spectrometry. |
| 650 | 2 | 4. | ‡aCell Biology. |
| 700 | 1 | . | ‡aBley, Thomas. |
| 710 | 2 | . | ‡aSpringerLink (Online service) |
| 773 | 0 | . | ‡tSpringer eBooks |
| 776 | 0 | 8. | ‡iPrinted edition: ‡z9783642168864 |
| 830 | 0. | ‡aAdvances in Biochemical Engineering / Biotechnology, ‡x0724-6145 ; ‡v124 | |
| 856 | 4 | 0. | ‡uhttp://dx.doi.org/10.1007/978-3-642-16887-1 ‡9CONS |
| 950 | . | ‡aChemistry and Materials Science (Springer-11644) | |
| 901 | . | ‡a4895 ‡b ‡c4895 ‡tbiblio ‡sSystem Local | |